Teatro

Salvato in:
Dettagli Bibliografici
Autore principale: Dowie Claire
Natura: Libro
Lingua:lingua imprecisata
Pubblicazione: Roma Gremese 2000
Tags: Aggiungi Tag
Nessun Tag, puoi essere il primo ad aggiungerne!!

MARC

LEADER 00000nam a2200000Ia 4500
001 301
003 NUMERAZIONE-ORIGINALE-BRESCIA
005 20260206230751.0
008 260206s9999 xx 000 0 und d
100 |a Dowie Claire 
245 0 |a Teatro 
260 |a Roma 
260 |b Gremese 
260 |c 2000 
500 |a Quaderni del teatro 
500 |a Quattro opere di Claire Dowie 
942 |2 ddc  |c BK  |n 0 
952 |0 0  |1 0  |2 ddc  |4 0  |6 15  |7 0  |9 28501  |a BS  |b BS  |d 2026-02-06  |i 301  |l 0  |o 1-5-*  |r 2026-02-06 22:40:36  |w 2026-02-06  |x [REVISIONARE]  |y BK 
999 |c 24174  |d 24174